| Art - Music/Opera | 1 | 10.00 | 100% | 0% | 0% |
| Art - Other | 6 | 16.67 | 50% | 83% | 33% |
| Art - Painting/Sculpture | 8 | 13.75 | 25% | 75% | 38% |
| Art - Visual | 2 | 30.00 | 100% | 100% | 100% |
| Current Events/Modern World - Rest of world political | 1 | 10.00 | 0% | 100% | 0% |
| Current Events/Modern World - Rest of world social | 1 | 20.00 | 100% | 100% | 0% |
| Current Events/Modern World - Western social | 1 | 10.00 | 0% | 100% | 0% |
| Geography - Europe | 1 | 20.00 | 0% | 100% | 100% |
| Geography - Non-U.S. Americas | 1 | 10.00 | 0% | 100% | 0% |
| Geography - United States | 1 | 20.00 | 0% | 100% | 100% |
| History - American | 10 | 10.00 | 40% | 30% | 30% |
| History - European | 4 | 15.00 | 75% | 50% | 25% |
| History - Other | 4 | 20.00 | 75% | 75% | 50% |
| History - World | 5 | 18.00 | 20% | 100% | 60% |
| Literature - American long fiction | 2 | 25.00 | 100% | 100% | 50% |
| Literature - American poetry | 2 | 20.00 | 100% | 50% | 50% |
| Literature - American short fiction | 1 | 10.00 | 100% | 0% | 0% |
| Literature - British any | 1 | 0.00 | 0% | 0% | 0% |
| Literature - British long fiction | 1 | 10.00 | 100% | 0% | 0% |
| Literature - British poetry | 3 | 6.67 | 33% | 0% | 33% |
| Literature - British short fiction | 1 | 10.00 | 100% | 0% | 0% |
| Literature - European drama | 2 | 10.00 | 50% | 50% | 0% |
| Literature - European long fiction | 3 | 16.67 | 33% | 100% | 33% |
| Literature - European poetry | 1 | 20.00 | 0% | 100% | 100% |
| Literature - World/Misc long fiction | 3 | 13.33 | 67% | 0% | 67% |
| Literature - World/Misc poetry | 1 | 10.00 | 0% | 0% | 100% |
| Mythology - Egyptian | 2 | 20.00 | 100% | 50% | 50% |
| Mythology - Greco/Roman | 2 | 10.00 | 0% | 100% | 0% |
| Mythology - Mixed/Any | 1 | 20.00 | 100% | 0% | 100% |
| Other Academic/Cross-Category - Any | 2 | 10.00 | 0% | 50% | 50% |
| Philosophy - 20th century | 1 | 20.00 | 0% | 100% | 100% |
| Philosophy - Ancient | 1 | 10.00 | 100% | 0% | 0% |
| Philosophy - Enlightenment | 1 | 10.00 | 0% | 100% | 0% |
| Philosophy - Medieval | 1 | 10.00 | 0% | 100% | 0% |
| Philosophy - Pre-20th | 1 | 10.00 | 0% | 100% | 0% |
| Religion - Buddhism | 1 | 20.00 | 0% | 100% | 100% |
| Religion - Christianity/Judaism | 1 | 30.00 | 100% | 100% | 100% |
| Religion - Hinduism | 2 | 15.00 | 0% | 50% | 100% |
| Religion - Islam | 1 | 10.00 | 0% | 0% | 100% |
| Science - Biology | 8 | 16.25 | 75% | 50% | 38% |
| Science - Chemistry | 6 | 11.67 | 33% | 33% | 50% |
| Science - Compsci | 2 | 15.00 | 50% | 50% | 50% |
| Science - Earth | 1 | 10.00 | 0% | 0% | 100% |
| Science - Other | 3 | 13.33 | 0% | 100% | 33% |
| Science - Other/CL/Misc | 1 | 20.00 | 100% | 0% | 100% |
| Science - Physics | 8 | 17.50 | 63% | 38% | 75% |
| Social Science - Economics | 2 | 10.00 | 0% | 100% | 0% |
| Social Science - Law | 1 | 10.00 | 100% | 0% | 0% |